| 000 | 01164nam a22002537a 4500 | ||
|---|---|---|---|
| 005 | 20140611114920.0 | ||
| 010 | _aENG-110089 | ||
| 020 |
_a9788120349681 _c595.00 |
||
| 035 | _aEN-93622 | ||
| 037 | _bDBAD/PUB | ||
| 082 | _a005.133 | ||
| 100 | _aBrunetti, Roberto | ||
| 245 |
_aExam Ref 70-482 _c by Roberto Brunetti [and] Vanni Boncinelli _badvanced Windows Store app development using HTML5 and JavaScript / |
||
| 246 |
_a Advanced Windows Store app development using HTML5 and JavaScript _bexam Ref 70-482 |
||
| 260 |
_aDelhi _bPHI Learning _c2014 |
||
| 270 |
_aRimjhim House, 111,Patparganj Industrial Estate _bDelhi _e110092 |
||
| 300 |
_axvii,413p. : _c24cm(pbk) _bill |
||
| 500 | _aIncludes index | ||
| 500 | _a "Readers are expected to be Windows Store app developers with deep knowledge of Windows Runtime architecture... the Visual Studio 2012 project structure ... HTML5 and JavaScript."--page xv. | ||
| 650 |
_a HTML (Document markup language) _xExaminations _v Study guides. |
||
| 650 |
_a HTML (Document markup language) _xExaminations _v Study guides. |
||
| 700 | _a Boncinelli, Vanni | ||
| 942 |
_2ddc _cEN _mBRU _h005.133 |
||
| 999 |
_c84717 _d84717 |
||